000 00926cam a22003017a 4500
003 CHAP
005 20220329135641.0
008 971013s1964 r 00010 d
010 _a39951
011 _a40923
035 _a45049
040 _cCHAP
082 _a637.11
_bF58Y 1962
100 0 0 _aFishwick, V. C.
_941123
245 1 3 _aLa vaca; granjas lecheras, explotación y administración
260 _aMadrid :
_bTecnos,
_c1964
300 _a450 p.
_b: ilus. ; láms.
500 _aTrad. de la 3 ed. en inglés
590 _aBATCH-UPD
_b10
_c20130110
_lUCH01
_h0328
590 _aBATCH-UPD
_b10
_c20130110
_lUCH01
_h1601
590 _aCONVERSION
_b10
_c20130109
_lUCH01
_h1322
650 1 4 _aGranjas lecheras.
_950407
650 1 4 _aIndustria lechera.
_957819
700 0 _aRussell, Kenneth N.
_9100963
901 _aBK
942 _cLIBRO
949 _a637.11 F58Y 1962
_bBC
_cLIBRO
_d33724000239000
_eLIBRO
_h39253
_i45049
_si
999 _c39951
_d39951